Datum a čas kvízu

41 Celkem bodů Celkový počet nahraných bodů na tomto kvízu bez doplňovacích otázek.
1. Pořadí na kvízu Konečné umístění týmu na tomto kvízu.

Zaznamenané odpovědi

# Otázka Odpověď Body Výsledky
1. V sobotu před polednem zasahov... divoké prase 1
2. Hned dvě zastávky pražského MH... Stranger Things 1
3. Nečekaný odchod postihl Občans... Martin Kuba 1
4. Velké jméno oznámili pro příšt... Calvin Harris 1
5. Úspěšný týden zažily v evropsk... 1B 2D 3A 4C 1
6. Tento hrad najdete nedaleko Má... Houska 1
7. Přiřaďte naše CHKO k sídlům, k... 1D 2B 3A 4C 1
8. Pozorně se zakoukejte a napišt... Ďáblova prdel 1
9. Obchodní dům na obrázku budí s... Jihlava, Prior 0
10. Ve kterém krušnohorském městeč... na Božím daru 1